Finding common ground: Integrating data, science and innovation for better use of land (Record no. 121508)
[ view plain ]
| 000 -LEADER | |
|---|---|
| fixed length control field | 00907nam a22001937a 4500 |
| 008 - FIXED-LENGTH DATA ELEMENTS--GENERAL INFORMATION | |
| fixed length control field | 230526e20230526xxk|||||o||||o00| 0 eng d |
| 041 ## - LANGUAGE CODE | |
| Language code of text/sound track or separate title | eng |
| 245 ## - TITLE STATEMENT | |
| Title | Finding common ground: Integrating data, science and innovation for better use of land |
| Medium | [Electronic resource] |
| 260 ## - PUBLICATION INFORMATION | |
| Publisher | Department for Science, Innovation and Technology, Geospatial Commission, |
| Date | 23 May 2023 |
| 300 ## - PHYSICAL DESCRIPTION | |
| Physical description | 72p. |
| 520 ## - ABSTRACT | |
| Abstract | Report from the Geospatial Commission explores land use challenges and demonstrates where innovative data analysis and evidence can support better land use decisions. |
| 650 ## - KEYWORDS | |
| Keywords | GEOSPATIAL |
| 650 ## - KEYWORDS | |
| Keywords | LAND ECONOMY |
| 650 ## - KEYWORDS | |
| Keywords | LAND USE |
| 651 ## - SUBJECT ADDED ENTRY--GEOGRAPHIC NAME | |
| Geographic name | United Kingdom |
| 690 ## - BROAD SUBJECT | |
| 9 (RLIN) | 6251 |
| Broad subject | Land use |
| 856 ## - ONLINE RESOURCE | |
| Uniform Resource Identifier | <a href="https://assets.publishing.service.gov.uk/government/uploads/system/uploads/attachment_data/file/1158131/2023-05-19_FINAL_NLDP_report_gov.uk.pdf">https://assets.publishing.service.gov.uk/government/uploads/system/uploads/attachment_data/file/1158131/2023-05-19_FINAL_NLDP_report_gov.uk.pdf</a> |
| Public note | Available on GOV.uk |
| 942 ## - ADDED ENTRY ELEMENTS (KOHA) | |
| Suppress in OPAC | Do not suppress in OPAC |
| Lost status | Damaged status | Not for loan | Home library | Current library | Shelving location | Date acquired | Total Checkouts | Date last seen | Price effective from | Koha item type |
|---|---|---|---|---|---|---|---|---|---|---|
| Virtual | Virtual | Online | 26/05/2023 | 26/05/2023 | 26/05/2023 | Online material |